MARC

LEADER 00000nam0a2200000 4500
001 125727
005 20231101215941.0
035 |a (RuTPU)RU\TPU\book\136039 
090 |a 125727 
100 |a 20071120d1970 k y0rusy50 ca 
101 0 |a rus 
102 |a RU 
105 |a a z 001zy 
200 1 |a Химический анализ воздуха промышленных предприятий  |f Е. А. Перегуд, Е. В. Гернет 
205 |a 2-е изд., испр. и доп. 
210 |a Ленинград  |c Химия  |d 1970 
215 |a 440 с.  |c ил. 
320 |a Библиогр.: с. 432-437. 
320 |a Указатель: с. 438-440. 
606 1 |a Воздух промышленных предприятий  |x Санитария  |2 stltpush  |3 (RuTPU)RU\TPU\subj\3353  |9 31779 
610 1 |a промышленные предприятия 
610 1 |a воздух 
610 1 |a химический анализ 
610 1 |a углеводороды 
610 1 |a галогенорганические соединения 
610 1 |a аминосоединения 
610 1 |a нитросоединения 
610 1 |a органические кислоты 
610 1 |a производные 
610 1 |a спирты 
610 1 |a простые эфиры 
610 1 |a сложные эфиры 
610 1 |a альдегиды 
610 1 |a гетероциклические соединения 
610 1 |a металлы 
610 1 |a металлорганические соединения 
610 1 |a газы 
675 |a 614.71  |v 3 
700 1 |a Перегуд  |b Е. А.  |g Ева Абрамовна 
701 1 |a Гернет  |b Е. В.  |g Елена Владимировна 
801 1 |a RU  |b 63413507  |c 20071120  |g PSBO 
801 2 |a RU  |b 63413507  |c 20230119  |g PSBO 
942 |c BK